Colonialism and revolution in the Middle East : social and cultural origins of Egypts Urabi movement
Αποθηκεύτηκε σε:
| Κύριος συγγραφέας: | |
|---|---|
| Μορφή: | Βιβλίο |
| Γλώσσα: | English |
| Δημοσίευση: |
Cairo :
American University in Cairo Press,
1999
|
| Θέματα: | |
| Ετικέτες: |
Προσθήκη ετικέτας
Δεν υπάρχουν, Καταχωρήστε ετικέτα πρώτοι!
|
MARC
| LEADER | 00000cam a2200000 i 4500 | ||
|---|---|---|---|
| 001 | 1/4341 | ||
| 008 | 100209s1999 eng d | ||
| 020 | |a 977-424-518-0 (pbk.) | ||
| 020 | |a 978-977-424-518-3 (pbk.) | ||
| 035 | |l 10106728 | ||
| 040 | |a GR-MY-UA |b gre |e aacr | ||
| 041 | 0 | |a eng | |
| 082 | 0 | |a 962.04 |2 (22) | |
| 100 | 1 | |a Cole, Juan Ricardo. | |
| 245 | 1 | 0 | |a Colonialism and revolution in the Middle East : |b social and cultural origins of Egypts Urabi movement / |c Juan R.I. Cole |
| 260 | |a Cairo : |b American University in Cairo Press, |c 1999 | ||
| 300 | |a xiii, 341 σ.; |c 23 εκ. | ||
| 504 | |a Βιβλιογραφία: σ. [321]-334 | ||
| 504 | |a Ευρετήριο: σ. [335]-341 | ||
| 600 | 1 | 0 | |a Urabi, Ahmad, |d 1840 or 1841-1911. |
| 650 | 0 | 0 | |a Social classes |z Egypt |x History |y 19th century. |
| 651 | 0 | |a Egypt |x History |y Tawfiq, 1879-1892. | |
| 852 | |a INST |b LESVOS |e 20100209 |h 962.04 COL |p 005100046071 |q 005100046071 |t BK |y 0 | ||
| 901 | |a BIBL1-2010-1 | ||
| 909 | |a Λ |b 162717 | ||
| 970 | |a ΚΑΡΑ |b ΓΙΑΣΕΜΗ |z 2010/02/09 | ||